3 chansons - 1 chanteur. - Statistiques

Statistiques générales
  • Ce quiz a été pris 5 208 fois
  • Le résultat moyen est 15 sur 20
Statistiques - réponses
Hint Réponse % Correct
Sur ma route | Mme Pavoshko | Wati by night Black M
96%
Andalouse | Les yeux de la mama | Color Gitano Kendji Girac
94%
J'me tire | Sapés comme jamais | Est ce que tu m'aimes Gims
92%
Roule | En feu | Le Coach Soprano
89%
Le téléphone pleure | Alexandrie Alexandra | Le lundi au soleil Claude François
84%
Je m'en vais | Beau-papa | Pour de vrai Vianney
81%
Mistral gagnant | Laisse béton | Morgane de toi Renaud
79%
On ira | Je marche seul | Envole-moi Jean-Jacques Goldman
78%
En apesenteur | Yallah | Le portrait Calogero
77%
Mon fils ma bataille | L'aziza | Le chanteur Daniel Balavoine
76%
Coco caline | Paris-Seychelles | Chou wasabi Julien Doré
72%
Il est ou le bonheur | Belle demoiselle | On s'attache Christophe Maé
69%
Alors regarde | Place des grands hommes | Qui a le droit Patrick Bruel
68%
L'été indien | Dans les yeux d'Emilie | Siffler sur la colline Joe Dassin
67%
La corrida | L'encre de tes yeux | Petite marie Francis Cabrel
66%
Diego, libre dans sa tête | Gabrielle | Laura Johnny Hallyday
61%
Ma liberté de penser | Savoir aimer | Et un jour une femme Florent Pagny
57%
Rétine | J'ai cherché | On dirait Amir
55%
Seul | Je n'attendais que vous | Belle Garou
52%
Lucie | Tomber pour elle | Fan Pascal Obispo
52%
Aucun quiz correspondant
Distribution des résultats
% des personnes avec chaque résultat
Percentile par nombre de réponses
Votre historique - résultats
Vous n’avez pas pris ce quiz